000 00498nam a2200181Ia 4500
005 20250326124733.0
008 250326s9999 xx 000 0 und d
037 _aTextbook
040 _aFMSL
_beng
_cFMSL
041 _aeng
_2eng
084 _aX:89A L7
_qFMSL
100 _aHindess B
_9138532
245 0 _aMode of production and social formation
_cHindess B; Hirst P
260 _aNY
_bNY, Macmillan
_c1977
300 _a79p
942 _cTB
_hX:89A L7
999 _c1274988
_d1274988